00000000nam##2200000za#4500
0019.687688
003CaOODSP
00520220818080145
007cr |||||||||||
008150407|2005||||xxc|||||o    f|0| 0 eng|d
020 |a0-662-41138-2
040 |aCaOODSP|beng
043 |an-cn---
0861 |aIP54-3/2005E-PDF
1102 |aOffice of the Privacy Commissioner of Canada.
24510|aLearning from a decade of experience : |h[electronic resource]|bQuebec's Private Sector Privacy Act
260 |aOttawa - Ontario : |bOffice of the Privacy Commissioner of Canada |c2005.
300 |a70p.
500 |aThe catalogue number and ISBN for the bilingual print edition have been incorrectly copied in this electronic publication.
5203 |aThis report is mainly a summary of decisions rendered by the Commission d’accès à l’information under the Québec Private Sector Act (An Act respecting the protection of personal information in the private sector). It is intended to assist in the interpretation of similar legislation, particularly the federal Protection of Personal Information and Electronic Documents Act, as well as to inform possible amendments to this Act.
590 |a05-46|b2005-11-18
69007|aPrivacy|2gcpds
77508|tLeçons tirées de dix ans d'expérience : |w(CaOODSP)9.632132
7760#|tLearning from a decade of experience : |w(CaOODSP)9.666737
7760#|tLeçons tirées de dix ans d'expérience : |w(CaOODSP)9.666738
85640|ahttp://publications.gc.ca|qPDF|s1421 KB|uhttps://publications.gc.ca/collections/Collection/IP54-3-2005E.pdf